000 00407nam a2200157 i 4500
001 40157
003 ES-MaACL
005 20230906160143.0
007 t|
008 030305s1924 fr ||||1| fre d
100 1 _aCarco, Francis.
_935108
245 1 4 _aLes inocents
_b: roman /
_cFrancis Carco.
260 _aParis :
_b[s.n.,
_c1924] (
_fRamlot)
300 _a161 p. ;
_c21 cm.
852 _aES-MaACL
_jA-4010
999 _c40157
_d40157